Kill Bill. Volume 2 /

The Bride continues on her deadly pursuit of her former partners in the Deadly Viper Assassination Squad, who, in a furious assault, attempted to murder her and her unborn child on her wedding day. As the Bride faces off against allies-turned-nemeses Budd and Elle, she flashes back to the day of her...

Full description

Bibliographic Details
Corporate Authors: Miramax Films, Band Apart (Firm), Miramax Home Entertainment (Firm), Buena Vista Home Entertainment (Firm)
Other Authors: Bender, Lawrence, Tarantino, Quentin, Thurman, Uma, Carradine, David, Liu, Lucy, 1968-, Fox, Vivica A., 1964-, Madsen, Michael, Hannah, Daryl, Liu, Chia Hui, Parks, Michael, 1940-2017, Richardson, Robert, 1955-, Rodriguez, Robert, 1968-
Format: Video DVD
Language:English
French
Language Notes:English 5.1 uncompressed (48 kHz/24-bit), English and French 5.1 Dolby Digital with English SDH and Spanish subtitles. Bonus material: English 2.0 Dolby Digital with English SDH.
Published: [Burbank, Calif.] : Miramax Home Entertainment : [2008]
Edition:[Blu-ray version].
Subjects:

MARC

Tag First Indicator Second Indicator Subfields
LEADER 00000cgm a2200000Ia 4500
001 in00002485213
005 20171209065150.0
007 vd czaizq
008 081222s2008 cau137 vleng d
020 |a 0788889133 
020 |a 9780788889134 
024 1 |a 786936767148 
028 4 1 |a 057630  |b Miramax Home Entertainment 
035 |a (OCoLC)ocn301584670 
035 |a (OCoLC)301584670 
040 |a IH7  |c IH7  |d IH7  |d TXA  |d UtOrBLW 
041 1 |a eng  |a fre  |j eng  |j spa  |h eng 
049 |a TXAM 
090 |a PN1995.9.G3  |b K54 2004 v.2 
092 |a 791.4372 
245 0 0 |a Kill Bill.  |n Volume 2 /  |c Miramax Films presents a Band Apart ; produced by Lawrence Bender ; written and directed by Quentin Tarantino. 
250 |a [Blu-ray version]. 
264 1 |a [Burbank, Calif.] :  |b Miramax Home Entertainment :  |c [2008] 
264 2 |a [Burbank, Calif.] :  |b Distributed by Buena Vista Home Entertainment, 
300 |a 1 videodisc (137 min.) :  |b sound, color ;  |c 4 3/4 in. 
336 |a two-dimensional moving image  |b tdi  |2 rdacontent 
337 |a video  |b v  |2 rdamedia 
338 |a videodisc  |b vd  |2 rdacarrier 
538 |a Blu-Ray Disc; Widescreen 1080p High Definition/2.40:1; Dolby Digital 5.1 uncompresses (48 kHz/24-bit). Bonus material: 480i Standard Definition; 2.0 Dolby Digital. 
538 |a Blu-ray disc for use only with Blu-ray disc players, Blue-ray disc computer drives and Playstation 3 game consoles. 
546 |a English 5.1 uncompressed (48 kHz/24-bit), English and French 5.1 Dolby Digital with English SDH and Spanish subtitles. Bonus material: English 2.0 Dolby Digital with English SDH. 
500 |a Title from container. 
511 1 |a Uma Thurman, David Carradine, Lucy Liu, Vivica A. Fox, Michael Madsen, Daryl Hannah. 
508 |a Director of photography, Robert Richardson ; editor, Sally Menke ; original music, Robert Rodriguez and the RZA ; costume designers, Catherine Thomas, Kumiko Ogawa ; production designers, David Wasco, Cao Jui Ping. 
500 |a Based on the character "The Bride" created by Q & U. 
500 |a Blu-Ray version of the 2004 motion picture. 
521 8 |a MPAA rating: R; for violence, language and brief drug use. Bonus material not rated. 
520 |a The Bride continues on her deadly pursuit of her former partners in the Deadly Viper Assassination Squad, who, in a furious assault, attempted to murder her and her unborn child on her wedding day. As the Bride faces off against allies-turned-nemeses Budd and Elle, she flashes back to the day of her deadly wedding. We learn how she was recruited and trained and about her relationship with Squad leader Bill. 
500 |a Special features: The making of 'Kill Bill volume 2'; 'Damoe' deleted scene; 'Chingon' musical performance 
500 |a Videorecording. 
650 0 |a Brides  |v Drama. 
650 0 |a Assassins  |v Drama. 
650 0 |a Training  |v Drama. 
655 7 |a Feature films.  |2 lcgft 
655 7 |a Fiction films.  |2 lcgft 
655 7 |a Action and adventure films.  |2 lcgft 
655 7 |a Thrillers (Motion pictures)  |2 lcgft 
655 7 |a Video recordings for the hearing impaired.  |2 lcgft 
655 7 |a Martial arts films.  |2 lcgft 
700 1 |a Bender, Lawrence. 
700 1 |a Tarantino, Quentin. 
700 1 |a Thurman, Uma. 
700 1 |a Carradine, David. 
700 1 |a Liu, Lucy,  |d 1968- 
700 1 |a Fox, Vivica A.,  |d 1964- 
700 1 |a Madsen, Michael. 
700 1 |a Hannah, Daryl. 
700 1 |a Liu, Chia Hui. 
700 1 |a Parks, Michael,  |d 1940-2017. 
700 1 |a Richardson, Robert,  |d 1955- 
700 1 |a Rodriguez, Robert,  |d 1968- 
710 2 |a Miramax Films. 
710 2 |a Band Apart (Firm) 
710 2 |a Miramax Home Entertainment (Firm) 
710 2 |a Buena Vista Home Entertainment (Firm) 
730 0 |a Kill Bill, vol. 2 (Motion picture) 
994 |a C0  |b TXA 
948 |a cataloged  |b h  |c 2009/3/6  |d c  |e blrosas  |f 12:19:04 pm 
999 |a MARS 
999 f f |s 80ba1e22-f673-390b-8cb4-00e1bbb74133  |i f8e5049a-c4aa-3283-908a-3c116f54dfd0  |t 0 
952 f f |p bluray  |a Texas A&M University  |b College Station  |c Sterling C. Evans Library  |s Evans Media and Reserves  |d Evans: Media and Reserves (Annex 1st floor)  |t 0  |e PN1995.9.G3 K54 2004 v.2  |h Library of Congress classification  |i video -- videodisc  |m A14837589464 
952 f f |p normal  |a Texas A&M University  |b Galveston Campus  |c Jack K. Williams Library  |s galv dvd  |d Galveston DVD  |t 0  |e PN1995.9.G3 K54 2004 v.2  |h Library of Congress classification  |i video -- videodisc  |m A14841434867 
998 f f |a PN1995.9.G3 K54 2004 v.2  |t 0  |l Galveston DVD 
998 f f |a PN1995.9.G3 K54 2004 v.2  |t 0  |l Evans: Media and Reserves (Annex 1st floor)